| 000 | 00535nam a2200217Ia 4500 | ||
|---|---|---|---|
| 003 | IT-RoPAU | ||
| 008 | 120407s9999 xx 000 0 und d | ||
| 040 | _aIT-RoPAU | ||
| 040 | _cIT-RoPAU | ||
| 041 | _afra | ||
| 100 | _aGregorius Magnus | ||
| 245 | _aRegistre des lettres. | ||
| 250 | _aParis | ||
| 260 | _aDu Cerf | ||
| 300 | _c19,5 cm | ||
| 490 | _aSources Chrétiennes | ||
| 490 | _v2 | ||
| 600 | _a" Tome I (370): I - II 309 p. Tome I (371): I - II 540 p." | ||
| 942 | _cBK | ||
| 999 |
_c17260 _d17260 |
||